MDQL
is popping MORE tags! Check the
thread
!
Quizzes
Events
Quiz Creation
Community
Videos
Private Events
Remove Ads
Sign In
Join for FREE
Feedback
Dark Mode
Quiz Categories
Sports
Geography
Music
Movies
Television
Just For Fun
Miscellaneous
History
Literature
Language
Science
Gaming
Entertainment
Religion
Holiday
For Kids
Quiz Lab
Recent
Popular Today
Quiz Kudos Today
Editor Picks
Curator Picks
Quizzes by...
Day
Popularity
Type
Ratings
Length
Year
Community
Subscriptions
Recent Discussions
Orange Saloon
Badges
Playlists
Quests
Create
Leaderboards
Showdown
Live 5
Trivia Bingo
Activity
Puzzle Library
Sporcle Events
Private Events
Virtual Trivia
Globe League
Become a Host
Pub Owners
SporcleCon
Opinionation
Our Games
Videos
Blog
Mobile Apps
Partnerships
Remove Ads and Go Orange
Feedback
Science
Computer
Plants
Astronomy
Chemistry
Elements
Math
Animal
Physics
Anatomy
Biology
Geology
General Science
Science
Computer
Plants
Astronomy
Chemistry
Elements
Math
Animal
Physics
Anatomy
Biology
Geology
General Science
Random Quiz
Search Sporcle
×
Quiz Lab
Quiz Lab
Science
Drug
Type in answers that appear in a list
Type in answers that appear in a list
Classic
Best Score? Go Orange.
Drug Card Quiz (1-25) Stats
Can you name the Top 103 Drugs
By
binlynguyen
5m
25 Questions
259 Plays
259 Plays
259 Plays
Comments
Comments
Give Quiz Kudos
Give Quiz Kudos
-
- Ratings
hide this ad
No Skip
Answers have to be entered in order without skipping
Answers have to be entered in order without skipping
Replay
Link that replays current quiz
Next Quiz
Link to next quiz in quiz playlist
You Got
0%
They Got
Avg Score
65%
Avg Friend Score
Upgrade to see
Score Distribution
Jump to the score distribution portion of the page
Score
0/25
Timer
05:00
0
Plays Today
Hint
Answer
% Correct
?
???
81.1%
?
???
80.3%
?
???
78.8%
?
???
77.2%
?
???
76.8%
?
???
76.4%
?
???
76.4%
?
???
74.9%
?
???
74.9%
?
???
74.9%
?
???
69.5%
?
???
69.5%
?
???
67.2%
Hint
Answer
% Correct
?
???
65.3%
?
???
62.9%
?
???
61%
?
???
60.6%
?
???
60.2%
?
???
58.3%
?
???
55.6%
?
???
52.9%
?
???
51.7%
?
???
51.4%
?
???
45.6%
?
???
44%
Quiz Playlist
Details
Report
Send in Message
Add To Playlist
Classic:
Type in answers that appear in a list
No Skip:
Answers have to be entered in order without skipping
Last Updated: Feb 16, 2017
Quiz Scoreboard
CHALLENGE
Sign Up to Join the Scoreboard
Show All
Scores
Hide
Comments
May contain spoilers
Recently Published
Find the 'City' Movie
by crazypaving
Movies
60s
5x2 Blitz: Bands
by SL_Kpop136
Music
30s
Colored Red Africa Blitz
by spor1
Geography
30s
More to Explore
Quiz From the Vault
Featured Blog Post
14 Easter Pick-up Lines to Find Eggs With
hide this ad
You Might Also Like...
Tags
1-25
Drug
route
Today's Top Quizzes in Science
Browse Science
hide this ad
Today's Top Quizzes in Drug
Browse Drug
Top Contributed Quizzes in Science
1
Windmill: Elements
2
17 TIMES TABLE
3
Glycolysis
4
Square Numbers Scrambled (1-50)
5
Astronomy Spelling Bee
6
'C' Flowers II
7
Vet Tech Pharmacology Drug Contraindications
8
Missing Vowel Minefield: Lanthanides
9
Sorting Squares: Animals by Continent
10
3-letter Elementary Words
Explore More
Trending Topics
Disney
Harry Potter
Crossword
Marvel
Anime
NBA
Kpop
Country
The Office
WWE
Puzzle
Soccer
NFL
Pokémon
Song
hide this ad
More By:
binlynguyen
Quiz
Plays
Rating
Category
Featured
Created
Integrated Pharmacy Skills Laboratory
1,232
1.50
Science
Jun 22, 2014
Drug Card Quiz (1-25)
259
Science
Jun 21, 2014
Go to Creator's Profile
Score Distribution
Quiz Creator Spotlight
binlynguyen
Follow
Send a Message
Quizzes Created
-
Created Quiz Play Count
-
More By This Creator
Popular Quizzes Today
1
Colored Red Africa Blitz
2
Find the 'City' Movie
3
Find the US States - No Outlines Minefield
4
5x2 Blitz: Bands
5
The Countries of the World
6
Find the US States
7
Find the Countries of Europe - No Outlines Minefield
8
US States
More Science Quizzes
10 to 1: Science
Published
Trending Quizzes
Colored Red Europe Blitz I
Colored Red Europe Blitz II
Colored Red Africa Blitz II
Colored Red Europe Blitz III
Colored Red Africa Blitz III
Recently Updated
How Do You Spell That?
pecheneg
Godzilla Movies
pecheneg
Grab Bag: 4-10 Letters
pecheneg
2024 March Madness Bracket
pecheneg
Famous TV Couples
Peacemaker
Champions League XIs: Real Madrid
pecheneg
Largest US Cities 1790-2010
pecheneg
Rides in Walt Disney World
pecheneg
Most Oscar Losses (Acting)
pecheneg
Beyoncé Albums
pecheneg
Trending Topics
Marvel
Crossword
Kpop
Anime
Harry Potter
Disney
NBA
NFL
Country
Soccer
Pokémon
Song
The Office
Puzzle
WWE
Your Account Isn't Verified!
In order to create a playlist on Sporcle, you need to verify the email address you used during registration. Go to your
Sporcle Settings
to finish the process.
Report this User
Report this user for behavior that violates our
Community Guidelines
.
Details:
Send Report
Go to the Sporcle.com Mobile Site →
Comments